| 000 | 00419nam a2200181Ia 4500 | ||
|---|---|---|---|
| 001 | 24130 | ||
| 005 | 20260414151023.0 | ||
| 008 | 260414t1985||||xx |||||||||||||| ||spa|| | ||
| 041 | _aESP | ||
| 082 |
_a980.98561 _bM98 |
||
| 100 |
_aJustiniani, Eleodoro _eAUT |
||
| 245 | 0 |
_aMúsica cusqueña _b |
|
| 260 | _c1985 | ||
| 300 |
_a698 páginas : _ccm. |
||
| 650 | _aABD | ||
| 654 | _aCAU | ||
| 942 |
_cLIB _dJUS _fJUS _2ddc _n |
||
| 999 |
_c24130 _d24130 |
||